000 00595nam a22002057a 4500
003 dpl
005 20180824171318.0
008 180730b xxu||||| |||| 00| 0 eng d
020 _a8126118261
_c0.00
035 _aB-161589
040 _aDPL
_bEN
_c0
082 _a230.35
100 _aRalhan,O.P.
245 _aKabir :
_bThe Apostle of Hindu-Muslim Unity/
_cby O.P. Ralhan
260 _aNew Delhi
_bAnmol Publications Pvt Ltd
_c2004
300 _axvii,289p.;
_c21cm
440 _aGreat Saints of India Series
500 _aincludes index
942 _2ddc
_cEN
_h230.35
_mRAL
999 _c155108
_d155108